Численное исследование образования оксидов азота в топочной камере котла БКЗ–320–140 от избытка воздуха; Энергетика: эффективность, надёжность, безопасность

Dades bibliogràfiques
Parent link:Энергетика: эффективность, надёжность, безопасность.— 2011.— [С. 108-109]
Autor principal: Визгавлюст Н. В. Наталья Викторовна
Altres autors: Старченко А. В. Александр Васильевич, Гиль А. В. Андрей Владимирович
Sumari:Заглавие с титульного листа
Электронная версия печатной публикации
Idioma:rus
Publicat: 2011
Matèries:
Accés en línia:http://www.lib.tpu.ru/fulltext/v/Conferences/2011/K06/116040.pdf
Format: MixedMaterials Electrònic Capítol de llibre
KOHA link:https://koha.lib.tpu.ru/cgi-bin/koha/opac-detail.pl?biblionumber=223130

MARC

LEADER 00000nla2a2200000 4500
001 223130
005 20250212105457.0
035 |a (RuTPU)RU\TPU\book\243364 
035 |a RU\TPU\book\243350 
090 |a 223130 
100 |a 20121005d2011 k y0rusy50 ca 
101 0 |a rus 
102 |a RU 
105 |a y z 101zy 
135 |a drnn ---uucaa 
181 0 |a i  
182 0 |a b 
200 1 |a Численное исследование образования оксидов азота в топочной камере котла БКЗ–320–140 от избытка воздуха  |f Н. В. Визгавлюст, А. В. Старченко, А. В. Гиль 
203 |a Текст  |c электронный 
215 |a 1 файл (308 Кб) 
300 |a Заглавие с титульного листа 
300 |a Электронная версия печатной публикации 
337 |a Adobe Reader 
463 1 |0 (RuTPU)RU\TPU\book\241205  |t Энергетика: эффективность, надёжность, безопасность  |o материалы XVII Всероссийской научно-технической конференции, Томск, 7-9 декабря 2011 г.  |f Национальный исследовательский Томский политехнический университет (ТПУ)  |v [С. 108-109]  |d 2011 
610 1 |a котлы 
610 1 |a топочные камеры 
610 1 |a оксид азота 
610 1 |a численные исследования 
610 1 |a воздух 
610 1 |a электронный ресурс 
610 1 |a труды учёных ТПУ 
700 1 |a Визгавлюст  |b Н. В.  |g Наталья Викторовна  |f 1977-  |c специалист в области теплоэнергетики  |c доцент Томского политехнического университета, кандидат технических наук  |y Томск  |3 (RuTPU)RU\TPU\pers\26009  |9 11858 
701 1 |a Старченко  |b А. В.  |c специалист в области теплоэнергетики  |c профессор Томского политехнического университета  |f 1958-  |g Александр Васильевич  |3 (RuTPU)RU\TPU\pers\30711 
701 1 |a Гиль  |b А. В.  |c специалист в области теплотехники  |c доцент Томского политехнического университета, кандидат технических наук  |f 1983-  |g Андрей Владимирович  |3 (RuTPU)RU\TPU\pers\26007  |9 11856 
801 1 |a RU  |b 63413507  |c 20120926 
801 2 |a RU  |b 63413507  |c 20160401  |g RCR 
856 4 |u http://www.lib.tpu.ru/fulltext/v/Conferences/2011/K06/116040.pdf 
942 |c CF